Who is that actor (Indian) - Statistics

General Stats
  • This quiz has been taken 287 times
  • The average score is 8 of 10
Answer Stats
Hint Answer % Correct
PK, 3 Idiots, Lagaan Aamir Khan
96%
Dabangg, Bajrangi Bhaijaan, Salman Khan
94%
Baazigar, My name is Khan, Main hoon Na Shah Rukh khan
94%
Sanju, Barfi, Ae dil hai Mushkil Ranbir Kapoor
84%
Badlapur, Judwaa 2, October Varun Dhawan
81%
Lakshya, Krish, Agneepath Hrithik Roshan
77%
Jolly LLB 2, Khiladi, Mohra Akshay Kumar
75%
Don, K3G, Sholay Amitabh Bachchan
68%
Raazi, Student of the Year, Highway Alia Bhatt
67%
AndhaDhun, Vicky donor, Badhai Ho Aayushmann Khuranna
46%
No matching quizzes found
Score Distribution
Percent of People with Each Score
Percentile by Number Answered
Your Score History
You have not taken this quiz